Возобновляемые источники энергии: учебник

Библиографические подробности
Главный автор: Удалов С. Н. Сергей Николаевич
Примечания:В настоящее время возобновляемая энергетика является наиболее быстро развивающимся направлением в энергетике. Рассмотренные в работе возобновляемые источники энергии и способы их преобразования в другие виды энергии, удобные для потребления, существенно расширят знания студентов в передовых направлениях электроэнергетики. Учебник предназначен для студентов вузов, обучающихся по специальностям «Нетрадиционные и возобновляемые источники энергии» и «Электроснабжение».
Язык:русский
Опубликовано: Новосибирск, Изд-во НГТУ, 2009
Серии:Учебники НГТУ
Предметы:
Формат: MixedMaterials Книга
Запись в KOHA:https://koha.lib.tpu.ru/cgi-bin/koha/opac-detail.pl?biblionumber=163701

MARC

LEADER 00000nam0a2200000 4500
001 163701
005 20231101222421.0
010 |a 9785778209817 
035 |a (RuTPU)RU\TPU\book\177607 
090 |a 163701 
100 |a 20090820d2009 m y0rusy50 ca 
101 0 |a rus 
102 |a RU 
105 |a a j 001zy 
200 1 |a Возобновляемые источники энергии  |e учебник  |f С. Н. Удалов 
210 |a Новосибирск  |c Изд-во НГТУ  |d 2009 
215 |a 432 с.  |c ил. 
225 1 |a Учебники НГТУ 
320 |a Библиогр.: с. 422-424. 
330 |a В настоящее время возобновляемая энергетика является наиболее быстро развивающимся направлением в энергетике. Рассмотренные в работе возобновляемые источники энергии и способы их преобразования в другие виды энергии, удобные для потребления, существенно расширят знания студентов в передовых направлениях электроэнергетики. Учебник предназначен для студентов вузов, обучающихся по специальностям «Нетрадиционные и возобновляемые источники энергии» и «Электроснабжение». 
606 1 |a Возобновляемые источники энергии  |2 stltpush  |3 (RuTPU)RU\TPU\subj\65838  |9 82190 
610 1 |a возобновляемые ресурсы 
610 1 |a классификация 
610 1 |a ветроустановки 
610 1 |a ветроэнергетика 
610 1 |a ветроэнергетические установки 
610 1 |a волны 
610 1 |a волновые движения 
610 1 |a солнечное излучение 
610 1 |a теплоперенос 
610 1 |a нагреватели 
610 1 |a солнечная энергия 
610 1 |a солнечные электростанции 
610 1 |a энергия 
610 1 |a аккумулирование 
610 1 |a учебники 
675 |a 620.92(075.8)  |v 3 
700 1 |a Удалов  |b С. Н.  |g Сергей Николаевич 
801 1 |a RU  |b 63413507  |c 20090820 
801 2 |a RU  |b 63413507  |c 20220407  |g RCR 
900 |a Нетрадиционные и возобновляемые источники энергии 
900 |a Нетрадиционные способы производства электроэнергии 
900 |a Ветроэлектростанции 
900 |a Солнечная энергетика и фотоэлектростанции 
942 |c BK 
959 |a 79/20090629  |d 2  |e 400,00  |f АНЛ:1  |f ЧЗТЛ:1